[Event "Benidorm 2010 - Sub-2000"]
[Site "Benidorm ESP"]
[Date "2010.12.04"]
[Round "2.2"]
[White "Sos Andreu, Erik"]
[Black "Garcia Martin, Juan Manuel"]
[Result "1-0"]
[WhiteElo "1998"]
[BlackElo "1897"]
[PlyCount "124"]
[EventDate "2010.12.03"]
[EventType "swiss"]
[EventRounds "10"]
[EventCountry "ESP"]
[Source "lmi"]
[SourceDate "2010.12.03"]

1. c4 e5 2. Nc3 Nc6 3. g3 Nf6 4. Bg2 Be7 5. Nf3 d6 6. O-O Bf5 7. d4 exd4 8.
Nxd4 Nxd4 9. Qxd4 Qc8 10. Re1 O-O 11. b3 Bd7 12. Bb2 Bc6 13. Nd5 Bd8 14. Rac1
h5 15. h3 Re8 16. Qf4 Nh7 17. Qf3 h4 18. Qc3 Bf6 19. Nxf6+ Nxf6 20. Bxc6 bxc6
21. g4 Qe6 22. e4 Qe5 23. Qxe5 dxe5 24. Rcd1 Nh7 25. Rd7 Ng5 26. Kg2 Ne6 27.
Red1 f6 28. b4 a6 29. a4 g5 30. b5 axb5 31. axb5 cxb5 32. cxb5 Rab8 33. Ba3
Nf4+ 34. Kh2 Rxb5 35. Rxc7 Rb3 36. Be7 Rxh3+ 37. Kg1 Rf3 38. Bxf6 Ne2+ 39. Kf1
Rxf6 40. Kxe2 Ref8 41. Rf1 Rf4 42. f3 Ra8 43. Re7 Ra2+ 44. Kd3 Ra5 45. Kc4 h3
46. Kb4 Ra2 47. Rxe5 h2 48. Rxg5+ Kf7 49. Rh5 Kg6 50. Kc4 Rg2 51. Rh1 Rxf3 52.
R1xh2 Rxg4 53. Kd5 Rff4 54. e5 Ra4 55. Rh6+ Kg5 56. R2h5+ Kf4 57. Rf6+ Ke3 58.
Rh3+ Ke2 59. Rd6 Rg5 60. Re6 Ra5+ 61. Kd6 Ra6+ 62. Ke7 Ra5 1-0

[Event "Benidorm 2010 - Sub-2000"]
[Site "Benidorm ESP"]
[Date "2010.12.04"]
[Round "2.3"]
[White "Donado-mazarron Gomez, Miguel"]
[Black "Fuentes Arjona, Antonio"]
[Result "0-1"]
[WhiteElo "1893"]
[BlackElo "1996"]
[PlyCount "108"]
[EventDate "2010.12.03"]
[EventType "swiss"]
[EventRounds "10"]
[EventCountry "ESP"]
[Source "lmi"]
[SourceDate "2010.12.03"]

1. e4 c5 2. Nf3 Nc6 3. d4 cxd4 4. Nxd4 Nf6 5. Nc3 g6 6. f4 Bg7 7. e5 Nxd4 8.
Qxd4 Ng4 9. h3 Nh6 10. g4 O-O 11. Be3 d6 12. O-O-O Be6 13. Qb4 Bc8 14. exd6
exd6 15. Rxd6 Qh4 16. Bd4 Bxg4 17. Bg2 Rfe8 18. Ne4 Bf5 19. Bxg7 Qxf4+ 20. Kb1
Bxe4 21. Bxe4 Kxg7 22. Qd4+ Qe5 23. Bxb7 Qxd4 24. Rxd4 Nf5 25. Rd7 Rad8 26. Bc6
Rxd7 27. Bxd7 Re3 28. c4 Ng3 29. Rg1 Ne4 30. Kc2 Nc5 31. Bc8 Re2+ 32. Kb1 Na4
33. Rd1 Rxb2+ 34. Ka1 Rc2 35. Kb1 Rxc4 36. Rd8 Rb4+ 37. Kc1 Rb2 38. Rd7 Rb8 39.
Ba6 Nc5 40. Rxa7 Nxa6 41. Rxa6 h5 42. Kd2 Rb2+ 43. Ke1 Rh2 44. Ra3 g5 45. Kf1
Kg6 46. Kg1 Rd2 47. Ra8 Kf5 48. a4 Ra2 49. a5 Kf4 50. a6 Kg3 51. Kf1 Kxh3 52.
a7 Kg4 53. Kg1 f5 54. Kf1 h4 0-1

[Event "Benidorm 2010 - Sub-2000"]
[Site "Benidorm ESP"]
[Date "2010.12.04"]
[Round "2.4"]
[White "Alameda Verdu, Andres"]
[Black "Morant Amezaga, Elies"]
[Result "0-1"]
[WhiteElo "1887"]
[BlackElo "1996"]
[PlyCount "80"]
[EventDate "2010.12.03"]
[EventType "swiss"]
[EventRounds "10"]
[EventCountry "ESP"]
[Source "lmi"]
[SourceDate "2010.12.03"]

1. e4 e5 2. Nf3 Nf6 3. Nxe5 d6 4. Nf3 Nxe4 5. Nc3 Nf6 6. d4 Be7 7. Bd3 O-O 8.
O-O d5 9. h3 Nc6 10. Bf4 a6 11. a3 Be6 12. Ne2 Qd7 13. Ng5 Bf5 14. Bxf5 Qxf5
15. Qd2 Qd7 16. Ng3 Bd6 17. Bxd6 Qxd6 18. Nf5 Qd7 19. Qf4 Nd8 20. Rfe1 g6 21.
Re7 Qxf5 22. Qxf5 gxf5 23. Rxc7 Rb8 24. Re1 h6 25. Nf3 Ne6 26. Rc3 Rfc8 27.
Rxc8+ Rxc8 28. c3 Kf8 29. Ne5 Ke7 30. Re3 Rg8 31. Nd3 Kd6 32. Ne5 Rg7 33. Rf3
f4 34. Rd3 Nd7 35. Nf3 Ng5 36. Nh4 Ke6 37. Rd2 f3 38. g3 Nxh3+ 39. Kf1 Ng5 40.
Rd3 Nf6 0-1

[Event "Benidorm 2010 - Sub-2000"]
[Site "Benidorm ESP"]
[Date "2010.12.04"]
[Round "2.5"]
[White "Franco Arroyo, Fernando"]
[Black "Gonzalez Pabollet, Jesus Maria"]
[Result "0-1"]
[WhiteElo "1994"]
[BlackElo "1891"]
[PlyCount "64"]
[EventDate "2010.12.03"]
[EventType "swiss"]
[EventRounds "10"]
[EventCountry "ESP"]
[Source "lmi"]
[SourceDate "2010.12.03"]

1. e4 c5 2. c3 d5 3. e5 Bf5 4. d3 Nc6 5. f4 e6 6. Nf3 Be7 7. Be2 Bh4+ 8. g3 Be7
9. Nbd2 h5 10. h4 Nh6 11. Ng5 Ng4 12. Ndf3 f6 13. exf6 gxf6 14. Nh3 Qb6 15. a3
O-O-O 16. b4 Rhg8 17. bxc5 Qxc5 18. Bd2 Ne3 19. Qc1 Ng2+ 20. Kf1 Rxg3 21. d4
Qb6 22. Kf2 Rdg8 23. Nhg5 Rg4 24. Nh2 fxg5 25. Bxg4 hxg4 26. Kxg2 Be4+ 27. Kg3
gxf4+ 28. Kf2 Bxh1 29. Qxh1 g3+ 30. Kf3 gxh2 31. Qxh2 Rg3+ 32. Ke2 Nxd4+ 0-1

[Event "Benidorm 2010 - Sub-2000"]
[Site "Benidorm ESP"]
[Date "2010.12.04"]
[Round "2.6"]
[White "Ferrandiz Iserte, Albert"]
[Black "Orti Boix, Miquel Lluis"]
[Result "1-0"]
[WhiteElo "1993"]
[BlackElo "1884"]
[PlyCount "127"]
[EventDate "2010.12.03"]
[EventType "swiss"]
[EventRounds "10"]
[EventCountry "ESP"]
[Source "lmi"]
[SourceDate "2010.12.03"]

1. e4 c5 2. Nf3 d6 3. d4 cxd4 4. Nxd4 Nf6 5. Nc3 a6 6. f3 e5 7. Nb3 Be7 8. Be3
Be6 9. Qd2 Qc7 10. O-O-O O-O 11. g4 Nbd7 12. Kb1 b5 13. g5 Nh5 14. Nd5 Bxd5 15.
exd5 b4 16. Rg1 a5 17. Rg4 Nb6 18. Nc5 dxc5 19. d6 Bxd6 20. Qxd6 Qxd6 21. Rxd6
Rfd8 22. Rxd8+ Rxd8 23. Kc1 Rc8 24. Re4 f6 25. Bh3 Rc7 26. Bg4 Nf4 27. Bxf4
exf4 28. gxf6 gxf6 29. Rxf4 Kg7 30. Re4 h6 31. Re6 Nc4 32. Bf5 a4 33. Bd3 Ne5
34. Be4 Kf7 35. Ra6 b3 36. Rxa4 bxa2 37. Rxa2 Ke7 38. Ra8 Nc4 39. Rh8 Kd6 40.
b3 Ne3 41. Rxh6 Ke5 42. Kd2 Ng2 43. Rh5+ Ke6 44. Rh7 Rxh7 45. Bxh7 Nf4 46. Ke3
Nd5+ 47. Ke4 Nb4 48. c3 Na2 49. Kd3 Nc1+ 50. Kc4 Kd6 51. b4 cxb4 52. cxb4 Ne2
53. b5 Nf4 54. Bf5 Ne2 55. h4 Nf4 56. Bg4 Ng6 57. h5 Ne5+ 58. Kb4 Nf7 59. Ka5
Kc7 60. Ka6 Kb8 61. Kb6 Nh6 62. Be6 f5 63. Kc6 f4 64. Kb6 1-0

[Event "Benidorm 2010 - Sub-2000"]
[Site "Benidorm ESP"]
[Date "2010.12.04"]
[Round "2.7"]
[White "Gomez Peco, David"]
[Black "Rico Sanchez, Julio"]
[Result "1-0"]
[WhiteElo "1993"]
[BlackElo "1883"]
[PlyCount "65"]
[EventDate "2010.12.03"]
[EventType "swiss"]
[EventRounds "10"]
[EventCountry "ESP"]
[Source "lmi"]
[SourceDate "2010.12.03"]

1. e4 d5 2. exd5 Nf6 3. d4 Nxd5 4. c4 Nb4 5. Qa4+ N8c6 6. d5 Bf5 7. Na3 b5 8.
Qxb5 Rb8 9. Qa4 e6 10. dxc6 Nd3+ 11. Bxd3 Bb4+ 12. Kf1 Bxd3+ 13. Ne2 Bc5 14.
Nc2 Qf6 15. Ne3 Bxe3 16. Bxe3 Rxb2 17. Qxa7 Bxe2+ 18. Kg1 Rd2 19. Rc1 Rd8 20.
Qa3 Qg6 21. h4 f6 22. Rh3 Kf7 23. Qa5 Rc8 24. Qd2 Qd3 25. Qa5 Bg4 26. Rg3 Qf5
27. Qc3 Rhd8 28. a4 Ra8 29. Ra1 Rd1+ 30. Rxd1 Bxd1 31. Qd4 e5 32. Qxd1 Rb8 33.
Qd5+ 1-0

[Event "Benidorm 2010 - Sub-2000"]
[Site "Benidorm ESP"]
[Date "2010.12.04"]
[Round "2.8"]
[White "Lopez Navarro, Antonio Jose"]
[Black "Perez Garcia, Jose Miguel"]
[Result "1/2-1/2"]
[WhiteElo "1884"]
[BlackElo "1993"]
[PlyCount "73"]
[EventDate "2010.12.03"]
[EventType "swiss"]
[EventRounds "10"]
[EventCountry "ESP"]
[Source "lmi"]
[SourceDate "2010.12.03"]

1. e4 c5 2. Nc3 e6 3. g3 Nc6 4. Bg2 g6 5. d3 Bg7 6. f4 d6 7. Nf3 Nge7 8. a4 O-O
9. O-O Rb8 10. Be3 a6 11. Qd2 Nd4 12. Rab1 Nec6 13. Nd1 b5 14. axb5 axb5 15. c3
Nxf3+ 16. Bxf3 Qc7 17. g4 f5 18. Nf2 b4 19. d4 Na5 20. gxf5 Nc4 21. Qd3 Nxe3
22. Qxe3 cxd4 23. cxd4 Qb6 24. Rbd1 exf5 25. Qb3+ d5 26. e5 Kh8 27. Rfe1 Ba6
28. Be2 Rfd8 29. Bxa6 Qxa6 30. Rc1 Bh6 31. Nh3 Qb6 32. Red1 Bf8 33. Ng5 Rb7 34.
e6 Kg7 35. Nf7 Rxf7 36. exf7 Kxf7 37. Qc2 1/2-1/2

[Event "Benidorm 2010 - Sub-2000"]
[Site "Benidorm ESP"]
[Date "2010.12.04"]
[Round "2.10"]
[White "Rios Torondell, Jaume"]
[Black "Mercadal Melia, Dante"]
[Result "1-0"]
[WhiteElo "1991"]
[BlackElo "1877"]
[PlyCount "87"]
[EventDate "2010.12.03"]
[EventType "swiss"]
[EventRounds "10"]
[EventCountry "ESP"]
[Source "lmi"]
[SourceDate "2010.12.03"]

1. e4 c5 2. Nf3 e6 3. d4 cxd4 4. Nxd4 a6 5. c4 Nc6 6. Nxc6 bxc6 7. Be2 Nf6 8.
Bf3 Bb4+ 9. Bd2 Qa5 10. Nc3 e5 11. a3 Bxc3 12. Bxc3 Qc7 13. c5 O-O 14. Qd2 Re8
15. g4 Re7 16. g5 Ne8 17. Ba5 Qb7 18. Bd8 d6 19. Bxe7 Qxe7 20. cxd6 Nxd6 21.
Rd1 Nb7 22. Rg1 Be6 23. Qc3 Qc7 24. Bg4 Bxg4 25. Rxg4 Qc8 26. Rg3 Qe6 27. Qb4
Nd8 28. Qd6 Qe8 29. Rb3 Qf8 30. Qxe5 Ne6 31. h4 Nc5 32. Re3 Re8 33. Qd6 Nxe4
34. Qxf8+ Kxf8 35. f3 Nd6 36. Rxe8+ Nxe8 37. Rc1 Nd6 38. Rxc6 Nf5 39. Rc4 Ne3
40. Re4 Nf5 41. Rf4 Ne3 42. Ke2 Nd5 43. Ra4 Nf4+ 44. Rxf4 1-0

[Event "Benidorm 2010 - Sub-2000"]
[Site "Benidorm ESP"]
[Date "2010.12.04"]
[Round "2.11"]
[White "Iglesias Fernandez, Luis"]
[Black "Kolev, Vasil"]
[Result "0-1"]
[WhiteElo "1879"]
[BlackElo "1991"]
[PlyCount "86"]
[EventDate "2010.12.03"]
[EventType "swiss"]
[EventRounds "10"]
[EventCountry "ESP"]
[Source "lmi"]
[SourceDate "2010.12.03"]

1. d4 d5 2. Bf4 Nf6 3. e3 e6 4. Bd3 c5 5. c3 Nc6 6. Nd2 Bd6 7. Bg3 O-O 8. Ngf3
b6 9. Ne5 Bb7 10. O-O Qc7 11. Nxc6 Qxc6 12. Bxd6 Qxd6 13. f4 g6 14. Rf3 Kg7 15.
h4 h5 16. Rg3 cxd4 17. cxd4 Ng4 18. Nf1 Qe7 19. Rh3 Rfc8 20. Nh2 f5 21. Nxg4
hxg4 22. Rh1 Qb4 23. Qe2 Rc7 24. h5 Rac8 25. Kf2 gxh5 26. Rxh5 Rc1 27. Rxc1
Rxc1 28. Bxf5 exf5 29. Rxf5 g3+ 30. Kxg3 Qe1+ 31. Qxe1 Rxe1 32. Re5 Kf6 33. Re8
Re2 34. Rb8 Rxe3+ 35. Kf2 Re7 36. g4 Bc6 37. g5+ Kf5 38. Rf8+ Kg4 39. g6 Bb5
40. f5 Re2+ 41. Kf1 Kg3 42. a4 Bd3 43. g7 Re7+ 0-1

[Event "Benidorm 2010 - Sub-2000"]
[Site "Benidorm ESP"]
[Date "2010.12.04"]
[Round "2.12"]
[White "Belinchon Calleja, David"]
[Black "Maronda Escriva, Ivan"]
[Result "1-0"]
[WhiteElo "1990"]
[BlackElo "1875"]
[PlyCount "105"]
[EventDate "2010.12.03"]
[EventType "swiss"]
[EventRounds "10"]
[EventCountry "ESP"]
[Source "lmi"]
[SourceDate "2010.12.03"]

1. e4 c6 2. d4 d5 3. exd5 cxd5 4. Bd3 Nc6 5. c3 Nf6 6. Bf4 Bg4 7. Qb3 Qd7 8.
Nd2 e6 9. h3 Bh5 10. Ngf3 Bxf3 11. Nxf3 a6 12. O-O Be7 13. Rfe1 O-O 14. Ne5 Qc8
15. Qc2 h6 16. Qd2 Qd8 17. Bxh6 Ne4 18. Bxe4 dxe4 19. Nxc6 bxc6 20. Bf4 f5 21.
Qe2 Bd6 22. Bxd6 Qxd6 23. f3 Qg3 24. Rf1 Rf6 25. fxe4 Rh6 26. Qf3 Rxh3 27. Qxg3
Rxg3 28. exf5 exf5 29. Rxf5 Rb8 30. Rf2 a5 31. Re1 a4 32. a3 Rd3 33. Re7 Rd1+
34. Kh2 Rb5 35. g4 Rb1 36. Ree2 Kh7 37. Kg3 Kg8 38. Kf4 Kf7 39. Ke4+ Ke6 40. c4
Rg5 41. Kf4+ Kf6 42. Kg3+ Kg6 43. Re6+ Kh7 44. Rh2+ Kg8 45. Kf4 Ra5 46. Rxc6
Rf1+ 47. Ke3 Rg1 48. Kf3 Rg5 49. d5 R5xg4 50. d6 R1g3+ 51. Ke2 Rb3 52. d7 Rxb2+
53. Kf3 1-0

[Event "Benidorm 2010 - Sub-2000"]
[Site "Benidorm ESP"]
[Date "2010.12.04"]
[Round "2.13"]
[White "Vladut, Matei"]
[Black "Arnot, Bob"]
[Result "1-0"]
[WhiteElo "1988"]
[BlackElo "1873"]
[PlyCount "107"]
[EventDate "2010.12.03"]
[EventType "swiss"]
[EventRounds "10"]
[EventCountry "ESP"]
[Source "lmi"]
[SourceDate "2010.12.03"]

1. e4 d5 2. exd5 Nf6 3. Nf3 Bg4 4. h3 Bxf3 5. Qxf3 Qxd5 6. Be2 Qxf3 7. Bxf3 c6
8. Nc3 Nbd7 9. d3 e6 10. O-O Ne5 11. Be2 O-O-O 12. Rb1 h6 13. Be3 Kb8 14. b4
Nd5 15. Nxd5 exd5 16. b5 c5 17. d4 cxd4 18. Bxd4 f6 19. Rfd1 Bd6 20. g3 Ng6 21.
Be3 Ne7 22. Bf3 Nf5 23. Bc1 Ne7 24. Rb3 Rc8 25. Rd2 Rhd8 26. Bb2 Bc5 27. Rbd3
Bb4 28. Re2 b6 29. Bc1 g5 30. Bb2 Ng6 31. Bxf6 Re8 32. Rxe8 Rxe8 33. Bxd5 Re1+
34. Kg2 Re2 35. c3 Bc5 36. Bd4 Bxd4 37. cxd4 Ne7 38. Kf3 Rb2 39. Bb3 Kc7 40. g4
Ng6 41. Rc3+ Kd7 42. Rc6 Nf4 43. Rxh6 Nd3 44. h4 Ne1+ 45. Kg3 Rd2 46. hxg5 Rd3+
47. Kf4 Rxd4+ 48. Kf5 Nd3 49. g6 Rf4+ 50. Kg5 Re4 51. g7 Nxf2 52. g8=Q Rxg4+
53. Kh5 Rxg8 54. Bxg8 1-0

[Event "Benidorm 2010 - Sub-2000"]
[Site "Benidorm ESP"]
[Date "2010.12.04"]
[Round "2.14"]
[White "Garzon Negrete, Martin Felipe"]
[Black "Valdezate Suarez, Fernando"]
[Result "0-1"]
[WhiteElo "1872"]
[BlackElo "1986"]
[PlyCount "102"]
[EventDate "2010.12.03"]
[EventType "swiss"]
[EventRounds "10"]
[EventCountry "ESP"]
[Source "lmi"]
[SourceDate "2010.12.03"]

1. e4 e6 2. Bb5 c5 3. c4 Ne7 4. f4 Ng6 5. Qf3 Nc6 6. Ne2 Nd4 7. Nxd4 cxd4 8.
O-O a6 9. Ba4 Be7 10. Bc2 O-O 11. b3 f5 12. exf5 Nh4 13. Qf2 Nxf5 14. Bb2 e5
15. Qf3 Kh8 16. Be4 Nd6 17. f5 Nxe4 18. Qxe4 d6 19. d3 Bg5 20. Na3 Bf4 21. Rf3
Bxf5 22. Qe1 Be3+ 23. Rxe3 dxe3 24. Qxe3 Qf6 25. Rf1 Qg6 26. Rf3 Bg4 27. Rg3
Qf7 28. Qe1 Bh5 29. c5 Bg6 30. Nc4 Qd5 31. cxd6 Bxd3 32. Bxe5 Rf1+ 33. Qxf1
Bxf1 34. Bxg7+ Kg8 35. Bc3+ Kf7 36. Kxf1 Qd1+ 37. Kf2 Re8 38. Rf3+ Kg6 39. Bd2
Re2+ 40. Kg3 Rxd2 41. Ne5+ Kg7 42. Rf7+ Kg8 43. Re7 Rxd6 44. h4 Rd8 45. Kh3 Qd6
46. Ng6 hxg6 47. Rxb7 Qc6 48. Rb4 Qe6+ 49. g4 Qe3+ 50. Kg2 Rd2+ 51. Kf1 Qf2#
0-1

[Event "Benidorm 2010 - Sub-2000"]
[Site "Benidorm ESP"]
[Date "2010.12.04"]
[Round "2.15"]
[White "Moragrega Herrero, Juan Jose"]
[Black "Lopez Valverde, Rafael"]
[Result "1-0"]
[WhiteElo "1986"]
[BlackElo "1866"]
[PlyCount "93"]
[EventDate "2010.12.03"]
[EventType "swiss"]
[EventRounds "10"]
[EventCountry "ESP"]
[Source "lmi"]
[SourceDate "2010.12.03"]

1. d4 Nf6 2. g3 e6 3. c4 Bb4+ 4. Nc3 O-O 5. Bg2 d5 6. c5 c6 7. Bf4 Nbd7 8. Nf3
Qa5 9. Qb3 Bxc3+ 10. bxc3 Ne4 11. Rc1 b5 12. Nd2 Nxd2 13. Bxd2 Qd8 14. e4 Nf6
15. Bg5 h6 16. Bxf6 Qxf6 17. O-O a5 18. Rfe1 Ba6 19. exd5 exd5 20. Re5 Rfe8 21.
Rce1 Rxe5 22. Rxe5 Rb8 23. a3 Kf8 24. Qb1 g6 25. Qe1 Qd8 26. Qe3 Kg7 27. Bf1
Qf6 28. Qe1 a4 29. Qe3 Rd8 30. h3 Bc8 31. g4 Be6 32. f4 Rh8 33. Qg3 Kf8 34. Bd3
Rg8 35. Kh2 h5 36. g5 Qd8 37. h4 Qd7 38. Qf3 Bg4 39. Qf2 Kg7 40. f5 Rf8 41. f6+
Kg8 42. Re7 Qc8 43. Qe3 Qb8+ 44. Kg2 Qc8 45. Bxg6 fxg6 46. Rg7+ Kh8 47. Qe7 1-0

[Event "Benidorm 2010 - Sub-2000"]
[Site "Benidorm ESP"]
[Date "2010.12.04"]
[Round "2.28"]
[White "Monmeneu Chulia, Vicente Juan"]
[Black "Marco Catala, Juan Bautista"]
[Result "1-0"]
[WhiteElo "1962"]
[BlackElo "1830"]
[PlyCount "47"]
[EventDate "2010.12.03"]
[EventType "swiss"]
[EventRounds "10"]
[EventCountry "ESP"]
[Source "lmi"]
[SourceDate "2010.12.03"]

1. d4 Nf6 2. c4 g6 3. Nc3 Bg7 4. e4 d6 5. Nf3 O-O 6. h3 e5 7. d5 Nbd7 8. Bg5 h6
9. Be3 a6 10. g4 Ne8 11. Qd2 Kh7 12. Bd3 Nc5 13. Bc2 Qf6 14. Qe2 Qe7 15. Rg1 b5
16. b4 Nd7 17. cxb5 axb5 18. Nxb5 Ba6 19. Bd3 Rb8 20. Na7 Bxd3 21. Qxd3 Qf6 22.
Bd2 Nb6 23. Nc6 Rb7 24. g5 1-0

[Event "Benidorm 2010 - Sub-2000"]
[Site "Benidorm ESP"]
[Date "2010.12.04"]
[Round "2.53"]
[White "Sacristan Latorre, Alberto"]
[Black "Fernandez Senovilla, Jose Enriq"]
[Result "1-0"]
[WhiteElo "1928"]
[BlackElo "1682"]
[PlyCount "33"]
[EventDate "2010.12.03"]
[EventType "swiss"]
[EventRounds "10"]
[EventCountry "ESP"]
[Source "lmi"]
[SourceDate "2010.12.03"]

1. e4 e5 2. Nf3 Nc6 3. d4 exd4 4. Nxd4 Qh4 5. Nc3 Bc5 6. Be3 d6 7. g3 Qf6 8.
Nd5 Qe5 9. Nxc6 bxc6 10. Nxc7+ Kd8 11. Nxa8 Bxe3 12. fxe3 Bb7 13. Qd4 Bxa8 14.
Qxa7 Qxe4 15. Qxa8+ Ke7 16. Qa7+ Kd8 17. O-O-O 1-0

[Event "Benidorm 2010 - Sub-2000"]
[Site "Benidorm ESP"]
[Date "2010.12.04"]
[Round "2.55"]
[White "Mingarro Carceller, Sergio"]
[Black "Portillo Alcalde, Jose Maria"]
[Result "1-0"]
[WhiteElo "1917"]
[BlackElo "1627"]
[PlyCount "39"]
[EventDate "2010.12.03"]
[EventType "swiss"]
[EventRounds "10"]
[EventCountry "ESP"]
[Source "lmi"]
[SourceDate "2010.12.03"]

1. e4 c5 2. c3 d5 3. exd5 Qxd5 4. d4 Nf6 5. Nf3 Nc6 6. Be2 e6 7. O-O Be7 8. Na3
a6 9. Nc4 Qd8 10. Bg5 cxd4 11. cxd4 b5 12. Nce5 Bb7 13. Rc1 Rc8 14. a4 b4 15.
Nxc6 Rxc6 16. Rxc6 Bxc6 17. Bxa6 Qa5 18. Qd3 Qxa4 19. Ne5 O-O 20. b3 1-0

[Event "Benidorm 2010 - Sub-2000"]
[Site "Benidorm ESP"]
[Date "2010.12.05"]
[Round "3.1"]
[White "Ledo Galan, Jose Emilio"]
[Black "Navarro Martinez, Daniel"]
[Result "1-0"]
[WhiteElo "1998"]
[BlackElo "1941"]
[PlyCount "35"]
[EventDate "2010.12.03"]
[EventType "swiss"]
[EventRounds "10"]
[EventCountry "ESP"]
[Source "lmi"]
[SourceDate "2010.12.03"]

1. e4 e5 2. Nf3 Nc6 3. d4 exd4 4. Nxd4 Nf6 5. Nxc6 bxc6 6. Bd3 d5 7. e5 Ng4 8.
Bf4 Bc5 9. Bg3 f6 10. h3 Nh6 11. Qh5+ Nf7 12. exf6 Qxf6 13. O-O Bd6 14. Re1+
Be6 15. Bh4 Qxb2 16. Nd2 Kd7 17. Bf5 Rae8 18. Qxf7+ 1-0

[Event "Benidorm 2010 - Sub-2000"]
[Site "Benidorm ESP"]
[Date "2010.12.05"]
[Round "3.2"]
[White "Dimitrijevic, Dragan"]
[Black "Sos Andreu, Erik"]
[Result "1-0"]
[WhiteElo "1949"]
[BlackElo "1998"]
[PlyCount "73"]
[EventDate "2010.12.03"]
[EventType "swiss"]
[EventRounds "10"]
[EventCountry "ESP"]
[Source "lmi"]
[SourceDate "2010.12.03"]

1. Nf3 d5 2. c4 e6 3. g3 Nf6 4. Bg2 dxc4 5. O-O Nbd7 6. Qa4 Be7 7. Na3 O-O 8.
Nxc4 a6 9. Qc2 c5 10. a4 Nb6 11. Nfe5 Nfd5 12. d3 Nxc4 13. dxc4 Nb4 14. Qb3 Qc7
15. Nd3 Nc6 16. Be3 Nd4 17. Bxd4 cxd4 18. c5 Rb8 19. Qc4 Rd8 20. b4 b5 21. axb5
axb5 22. Qa2 Bb7 23. Qa7 Rdc8 24. c6 Ba8 25. Rfc1 Bf6 26. Qc5 Rb6 27. Ra2 Bxc6
28. Rac2 Be7 29. Qxd4 Qb7 30. Qc3 Bf6 31. Qc5 Be7 32. Qc3 Bf6 33. Qc5 Be7 34.
Qe3 Bd6 35. Ne5 Bxe5 36. Qxe5 g6 37. Rc5 1-0

[Event "Benidorm 2010 - Sub-2000"]
[Site "Benidorm ESP"]
[Date "2010.12.05"]
[Round "3.4"]
[White "Morant Amezaga, Elies"]
[Black "Albers, Andreas"]
[Result "0-1"]
[WhiteElo "1996"]
[BlackElo "1932"]
[PlyCount "80"]
[EventDate "2010.12.03"]
[EventType "swiss"]
[EventRounds "10"]
[EventCountry "ESP"]
[Source "lmi"]
[SourceDate "2010.12.03"]

1. d4 Nf6 2. c4 g6 3. Nc3 d5 4. cxd5 Nxd5 5. e4 Nxc3 6. bxc3 Bg7 7. Bc4 O-O 8.
Ne2 c5 9. Be3 Nc6 10. Rc1 Qa5 11. O-O b5 12. Bd5 Bb7 13. Bxc6 Bxc6 14. d5 Bb7
15. Bxc5 Rfe8 16. Qb3 Rac8 17. Bd4 Rc4 18. f3 Rec8 19. Bxg7 Kxg7 20. a3 Qb6+
21. Kh1 a6 22. Rfd1 Qe3 23. Qc2 h5 24. Qd2 Qf2 25. Rf1 Qc5 26. Ra1 Ra4 27. Qb2
Kg8 28. Nd4 Qxc3 29. Qxc3 Rxc3 30. Rad1 Raxa3 31. e5 Bxd5 32. Nxb5 axb5 33.
Rxd5 b4 34. Rb5 b3 35. Rb1 Rc2 36. h3 Raa2 37. R5xb3 Rxg2 38. Rb8+ Kg7 39. Re8
e6 40. Rbb8 Rge2 0-1

[Event "Benidorm 2010 - Sub-2000"]
[Site "Benidorm ESP"]
[Date "2010.12.05"]
[Round "3.5"]
[White "Fuertes Romo, Jose Manuel"]
[Black "Ferrandiz Iserte, Albert"]
[Result "0-1"]
[WhiteElo "1933"]
[BlackElo "1993"]
[PlyCount "78"]
[EventDate "2010.12.03"]
[EventType "swiss"]
[EventRounds "10"]
[EventCountry "ESP"]
[Source "lmi"]
[SourceDate "2010.12.03"]

1. e4 e6 2. d4 d5 3. Nc3 Bb4 4. e5 c5 5. Bd2 Ne7 6. Nb5 Bxd2+ 7. Qxd2 O-O 8. f4
a6 9. Nd6 cxd4 10. Nf3 Nbc6 11. Bd3 f6 12. O-O fxe5 13. fxe5 Rxf3 14. Rxf3 Nxe5
15. Qf4 Nxf3+ 16. gxf3 Nc6 17. Qf7+ Kh8 18. Kh1 Qg8 19. Qh5 g6 20. Bxg6 Qxg6
21. Nf7+ Kg7 22. Rg1 Kxf7 23. Rxg6 hxg6 24. Qh7+ Kf6 25. Qh8+ Kf7 26. f4 Ne7
27. Qd8 a5 28. Qb6 Ra6 29. Qxd4 Rc6 30. Qd2 Bd7 31. Kg2 Rc4 32. b3 Re4 33. c3
Bc6 34. Kg3 Nf5+ 35. Kg4 e5 36. Kg5 Rxf4 37. c4 d4 38. Qxa5 Ne7 39. b4 Bd7 0-1

[Event "Benidorm 2010 - Sub-2000"]
[Site "Benidorm ESP"]
[Date "2010.12.05"]
[Round "3.6"]
[White "Moya Albaladejo, Jose Antonio"]
[Black "Gomez Peco, David"]
[Result "1/2-1/2"]
[WhiteElo "1929"]
[BlackElo "1993"]
[PlyCount "94"]
[EventDate "2010.12.03"]
[EventType "swiss"]
[EventRounds "10"]
[EventCountry "ESP"]
[Source "lmi"]
[SourceDate "2010.12.03"]

1. e4 c5 2. Nf3 Nc6 3. Nc3 g6 4. d4 cxd4 5. Nxd4 Bg7 6. Be3 Nf6 7. Bc4 O-O 8.
Bb3 a5 9. O-O a4 10. Nxa4 Nxe4 11. Nb5 d5 12. Bb6 Qd7 13. Nc7 Rxa4 14. Bxa4
Bxb2 15. Qxd5 Nc3 16. Qxd7 Bxd7 17. Bxc6 Bxc6 18. Rae1 e6 19. Re3 Rc8 20. Ba5
Na4 21. Rb3 Be5 22. Nb5 Nc5 23. Rbb1 Ra8 24. Bb6 Nd7 25. Be3 Rxa2 26. f4 Rxc2
27. Rf2 Rxf2 28. Kxf2 Bg7 29. Nd6 Nf6 30. h3 Ne4+ 31. Nxe4 Bxe4 32. Rb4 Bc6 33.
Bb6 h5 34. g4 hxg4 35. hxg4 e5 36. fxe5 Bxe5 37. Bd4 f6 38. Bxe5 fxe5 39. Ke3
Kf7 40. Rb1 Kf6 41. Rd1 Kg5 42. Rd6 e4 43. Re6 Kxg4 44. Rxg6+ Kf5 45. Rg7 Ke5
46. Rg5+ Kd6 47. Kd4 Ke6 1/2-1/2

[Event "Benidorm 2010 - Sub-2000"]
[Site "Benidorm ESP"]
[Date "2010.12.05"]
[Round "3.8"]
[White "Sacristan Latorre, Alberto"]
[Black "Rios Torondell, Jaume"]
[Result "1/2-1/2"]
[WhiteElo "1928"]
[BlackElo "1991"]
[PlyCount "42"]
[EventDate "2010.12.03"]
[EventType "swiss"]
[EventRounds "10"]
[EventCountry "ESP"]
[Source "lmi"]
[SourceDate "2010.12.03"]

1. e4 e6 2. d4 d5 3. Nd2 c5 4. exd5 exd5 5. Ngf3 Nc6 6. Bb5 Bd6 7. O-O Nge7 8.
dxc5 Bxc5 9. Nb3 Bb6 10. c3 O-O 11. Bg5 f6 12. Bh4 a6 13. Bd3 Bf5 14. Bg3 Be4
15. Nfd4 Nxd4 16. Nxd4 Bxd4 17. cxd4 Bxd3 18. Qxd3 Qd7 19. f3 Rfc8 20. Rfc1 Rc6
21. Rc5 b6 1/2-1/2

[Event "Benidorm 2010 - Sub-2000"]
[Site "Benidorm ESP"]
[Date "2010.12.05"]
[Round "3.9"]
[White "Kolev, Vasil"]
[Black "Perez Lopez, Alfonso"]
[Result "1-0"]
[WhiteElo "1991"]
[BlackElo "1919"]
[PlyCount "96"]
[EventDate "2010.12.03"]
[EventType "swiss"]
[EventRounds "10"]
[EventCountry "ESP"]
[Source "lmi"]
[SourceDate "2010.12.03"]

1. c4 e6 2. d4 d5 3. Nc3 Nf6 4. Bg5 Be7 5. Nf3 c6 6. e3 O-O 7. Qc2 Nbd7 8. cxd5
exd5 9. Bd3 Re8 10. O-O h6 11. Bf4 Nh5 12. Nxd5 Nxf4 13. Nxf4 Nf6 14. Bc4 Bd6
15. Qb3 Qc7 16. Ne2 Be6 17. Rac1 Bxc4 18. Qxc4 Qe7 19. Nc3 Rac8 20. a3 Kh8 21.
Rfe1 Qe6 22. Qa4 a6 23. e4 Bf4 24. Rcd1 Rcd8 25. e5 Nd5 26. Ne4 h5 27. Nc5 Qe7
28. g3 Bh6 29. Nh4 g6 30. Qc2 Bg5 31. Ng2 Kg7 32. f4 Bh6 33. f5 gxf5 34. Nh4
Qg5 35. Nxf5+ Kh8 36. Nxb7 Rd7 37. Nbd6 Rg8 38. Nxh6 Qxh6 39. Qxc6 Qe6 40. Rf1
Rc7 41. Qxa6 Qh3 42. Qd3 Kg7 43. Qf5 Qxf5 44. Nxf5+ Kg6 45. Nh4+ Kh7 46. Rc1
Rg7 47. Nf5 Rg5 48. h3 Nf4 1-0